Library Banner

Hoffbrand's essential haematology / (Record no. 136960)

MARC details
000 -LEADER
fixed length control field 00540nam a22001817a 4500
005 - DATE AND TIME OF LATEST TRANSACTION
control field 20250221104850.0
008 - FIXED-LENGTH DATA ELEMENTS--GENERAL INFORMATION
fixed length control field 250221b |||||||| |||| 00| 0 eng d
020 ## - INTERNATIONAL STANDARD BOOK NUMBER
International Standard Book Number 9781394168156
040 ## - CATALOGING SOURCE
Transcribing agency PK-LaUMT
082 ## - DEWEY DECIMAL CLASSIFICATION NUMBER
Classification number 616.15
Item number HOF-H
100 ## - MAIN ENTRY--PERSONAL NAME
Personal name Hoffbrand, A Victor
245 ## - TITLE STATEMENT
Title Hoffbrand's essential haematology /
Statement of responsibility, etc by A Victor Hoffbrand, Pratima Chowdary and Graham P. Collins
250 ## - EDITION STATEMENT
Edition statement 9th ed.
260 ## - PUBLICATION, DISTRIBUTION, ETC. (IMPRINT)
Place of publication, distribution, etc Hoboken :
Name of publisher, distributor, etc Wiley Blackwell,
Date of publication, distribution, etc 2024
300 ## - PHYSICAL DESCRIPTION
Extent 490 p.
650 ## - SUBJECT ADDED ENTRY--TOPICAL TERM
Topical term or geographic name as entry element Hematologic diseases
942 ## - ADDED ENTRY ELEMENTS (KOHA)
Koha item type Books
Holdings
Withdrawn status Lost status Damaged status Home library Current library Date acquired Full call number Barcode Date last seen Price effective from Koha item type Copy number
      UMT Health Sciences Campus UMT Health Sciences Campus 2025-02-21 616.15 HOF-H 148870 2025-02-21 2025-02-21 Books  
      UMT Health Sciences Campus UMT Health Sciences Campus 2025-02-21 616.15 HOF-H 148871 2025-02-21 2025-02-21 Books C.2
      UMT Health Sciences Campus UMT Health Sciences Campus 2025-02-21 616.15 HOF-H 148872 2026-05-04 2025-02-21 Books C.3
      UMT Health Sciences Campus UMT Health Sciences Campus 2025-02-21 616.15 HOF-H 148873 2026-06-05 2025-02-21 Books C.4